Danganronpa Ultra Despair Girls - Corresponding Hit List Characters - Statistics

General Stats
  • This quiz has been taken 53 times
  • The average score is 12 of 14
Answer Stats
Picture Answer % Correct
Hifumi Yamada
95%
Aoi Asahina
90%
Yasuhiro Hagakure
90%
Chihiro Fujisaki
87%
Makoto Naegi
87%
Byakuya Togami
85%
Kiyotaka Ishimaru
85%
Kyoko Kirigiri
85%
Sayaka Maizono
85%
Celestia Ludenberg
82%
Leon Kuwata
82%
Mondo Owada
82%
Sakura Ogami
82%
Toko Fukawa
79%
No matching quizzes found
Score Distribution
Percent of People with Each Score
Percentile by Number Answered
Your Score History
You have not taken this quiz